Rick Riordan Characters - Statistics

General Stats
  • This quiz has been taken 208 times
    189 since last reset
  • The average score is 11 of 14
Answer Stats
Hint Answer % Correct
Son of Poseidon. Percy Jackson
99%
Young Satyr. Grover
96%
Daughter of Athena. Annabeth Chase
94%
God sent to Earth and made mortal by Zeus as a punishment. Apollo
89%
Norse teenager. Magnus Chase
89%
Mechanic. Leo Valdez
88%
Hero who lost his memory. Jason Grace
87%
Hunter of Artemis who was stuck in a tree. Thalia Grace
83%
Cyclops. Tyson
81%
Leader of Camp Half Blood. Chiron
78%
Shape shifter. Frank Zhang
74%
British girl. Sadie Kane
59%
Lived with his dad for most of his life. Carter Kane
58%
Leader of Camp Jupiter. Lupa
20%
No matching quizzes found
Score Distribution
Percent of People with Each Score
Percentile by Number Answered
Your Score History
You have not taken this quiz since the last reset